[Event "Open San Miguel"]
[Site "Trevias ESP"]
[Date "2007.09.17"]
[Round "1.1"]
[White "Acebal Muñiz, Antonio"]
[Black "Bajo Gutierrez, Ignacio"]
[Result "1-0"]
[WhiteElo "2203"]
[BlackElo "2231"]
[PlyCount "153"]
[EventDate "2007.09.17"]
[EventType "tourn"]
[EventRounds "7"]
[EventCountry "ESP"]
[Source "lmi"]
[SourceDate "2007.09.17"]

1. Nf3 c5 2. c4 Nf6 3. Nc3 Nc6 4. d4 cxd4 5. Nxd4 g6 6. e4 d6 7. Be2 Nxd4 8.
Qxd4 Bg7 9. Be3 O-O 10. Qd2 Be6 11. Rc1 Rc8 12. b3 Qa5 13. O-O Rfe8 14. Rfd1 a6
15. f3 Nd7 16. Nd5 Qxd2 17. Rxd2 b5 18. Rdc2 bxc4 19. Bxc4 a5 20. Bb5 Rb8 21.
Nc7 Red8 22. Kf1 d5 23. exd5 Bf5 24. Rd2 Be5 25. g4 Bxg4 26. fxg4 Bxc7 27. Rxc7
Rxb5 28. Bg5 f6 29. d6 e5 30. Be3 Kf7 31. Ke2 Ke6 32. Ra7 Rc8 33. Ra6 f5 34.
Kf3 Rc3 35. gxf5+ gxf5 36. Ke2 f4 37. Bf2 e4 38. Bd4 Rc1 39. Ra8 Rh5 40. Re8+
Kf5 41. Bg1 Rh4 42. Rd5+ Kg4 43. Rg8+ Kh3 44. Rg7 Rc2+ 45. Rd2 Rxd2+ 46. Kxd2
e3+ 47. Ke2 Nc5 48. d7 Ne6 49. Re7 Nd4+ 50. Kd3 Nc6 51. Re6 Rh5 52. Rxc6 Rd5+
53. Ke4 Rxd7 54. Kf3 h5 55. Kxf4 e2 56. Re6 Kg2 57. Rxe2+ Kxg1 58. Kg3 Kf1 59.
Rb2 Ke1 60. Kh4 Rd5 61. Rg2 a4 62. bxa4 Ra5 63. Rb2 Kd1 64. h3 Kc1 65. Rg2 Kd1
66. Rg5 Rxa4+ 67. Kxh5 Ke2 68. Rf5 Ke3 69. h4 Rxa2 70. Kg6 Ke4 71. h5 Rh2 72.
Rg5 Kf4 73. Rf5+ Ke4 74. Rg5 Kf4 75. h6 Rh1 76. Rf5+ Ke4 77. Rh5 1-0

[Event "Open San Miguel"]
[Site "Trevias ESP"]
[Date "2007.09.17"]
[Round "1.2"]
[White "Menendez Rey, Francisco Javier"]
[Black "Fidalgo Fernandez, Javier"]
[Result "0-1"]
[WhiteElo "2251"]
[BlackElo "2208"]
[PlyCount "112"]
[EventDate "2007.09.17"]
[EventType "tourn"]
[EventRounds "7"]
[EventCountry "ESP"]
[Source "lmi"]
[SourceDate "2007.09.17"]

1. d4 Nf6 2. Nc3 d5 3. Bg5 g6 4. Qd2 h6 5. Bf4 Bg7 6. O-O-O c6 7. f3 b5 8. e3
b4 9. Na4 a5 10. Bd3 Nbd7 11. g4 Nb6 12. Nc5 Nfd7 13. Nxd7 Qxd7 14. Qe2 Na4 15.
Kb1 Qb7 16. Ka1 c5 17. Bb5+ Bd7 18. Bxd7+ Qxd7 19. Be5 f6 20. Bg3 c4 21. Rb1 c3
22. Qd3 cxb2+ 23. Rxb2 Nxb2 24. Qxg6+ Kf8 25. Kxb2 Qe8 26. Qxe8+ Kxe8 27. f4 h5
28. gxh5 Rxh5 29. Nf3 Rc8 30. Re1 Rc3 31. Re2 Rh3 32. Ng1 Rh8 33. Be1 Rc6 34.
Nf3 Kf7 35. Rg2 Rh3 36. Bg3 Rc3 37. Re2 a4 38. Ng1 a3+ 39. Kb1 Rh8 40. Be1 Rc6
41. Nf3 Rhc8 42. Bg3 e6 43. Ne1 Bf8 44. Nd3 Be7 45. Rg2 Rg8 46. Rf2 Bd6 47.
Ne5+ Bxe5 48. fxe5 f5 49. Re2 Kg6 50. Kc1 Kh5 51. Kb1 Kg4 52. Re1 Kf3 53. Bf4
Rg2 54. Rc1 Kg4 55. Bh6 Rxh2 56. Bf8 Rc4 0-1

[Event "Open San Miguel"]
[Site "Trevias ESP"]
[Date "2007.09.17"]
[Round "1.3"]
[White "Martinez Rodriguez, Pablo"]
[Black "Llaneza Vega, Marcos"]
[Result "1/2-1/2"]
[WhiteElo "2304"]
[BlackElo "2438"]
[PlyCount "132"]
[EventDate "2007.09.17"]
[EventType "tourn"]
[EventRounds "7"]
[EventCountry "ESP"]
[Source "lmi"]
[SourceDate "2007.09.17"]

1. d4 Nf6 2. c4 g6 3. Nc3 d5 4. cxd5 Nxd5 5. e4 Nxc3 6. bxc3 Bg7 7. Be3 O-O 8.
Qd2 c5 9. d5 Qa5 10. Rc1 f5 11. f3 fxe4 12. fxe4 Nd7 13. Nf3 Nf6 14. Bd3 c4 15.
Bb1 e6 16. dxe6 Bxe6 17. O-O Ng4 18. Bg5 Qc5+ 19. Kh1 h6 20. Bh4 g5 21. Bg3
Rad8 22. Qe2 h5 23. h3 h4 24. Be1 Ne3 25. Rg1 g4 26. Nxh4 Qg5 27. Nf5 Rxf5 28.
exf5 Bd5 29. h4 Qh6 30. Bf2 Nxg2 31. Be4 Nxh4 32. Bxd5+ Rxd5 33. Qe6+ Qxe6 34.
fxe6 Rh5 35. Rxg4 Nf3+ 36. Kg2 Ne5 37. Rg3 Nd3 38. e7 Re5 39. Re3 Kf7 40. Rxe5
Bxe5 41. Rh1 Kxe7 42. Rh7+ Ke6 43. Rxb7 Nxf2 44. Kxf2 Bxc3 45. Ke3 Ke5 46. Re7+
Kd5 47. Rd7+ Ke5 48. Ke2 Bd4 49. Kd2 Ke4 50. Kc2 Ke5 51. a4 Ke4 52. Kd2 Ke5 53.
Ke2 Ke4 54. Rh7 Bb6 55. Rh4+ Kd5 56. a5 Bd4 57. Rh5+ Ke4 58. Kd2 Kf4 59. Kc2
Ke4 60. Rg5 Kf4 61. Rb5 Ke4 62. Rh5 Kf4 63. Rd5 Ke4 64. Rd7 Ke5 65. Kd2 Ke4 66.
Ke2 Bc5 1/2-1/2

[Event "Open San Miguel"]
[Site "Trevias ESP"]
[Date "2007.09.17"]
[Round "1.4"]
[White "Alvarez Fernandez, Enrique"]
[Black "Aguera Naredo, Javier"]
[Result "1-0"]
[WhiteElo "2309"]
[BlackElo "2393"]
[PlyCount "28"]
[EventDate "2007.09.17"]
[EventType "tourn"]
[EventRounds "7"]
[EventCountry "ESP"]
[Source "lmi"]
[SourceDate "2007.09.17"]

1. d4 Nf6 2. Nf3 d5 3. Bf4 c5 4. e3 Nc6 5. c3 e6 6. Nbd2 Bd6 7. Bg3 O-O 8. Bd3
Re8 9. O-O Bxg3 10. hxg3 e5 11. dxe5 Nxe5 12. Nxe5 Rxe5 13. Nf3 Re7 14. c4 dxc4
1-0

[Event "Open San Miguel"]
[Site "Trevias ESP"]
[Date "2007.09.18"]
[Round "2.1"]
[White "Bajo Gutierrez, Ignacio"]
[Black "Aguera Naredo, Javier"]
[Result "0-1"]
[WhiteElo "2231"]
[BlackElo "2393"]
[PlyCount "60"]
[EventDate "2007.09.17"]
[EventType "tourn"]
[EventRounds "7"]
[EventCountry "ESP"]
[Source "lmi"]
[SourceDate "2007.09.17"]

1. e4 e5 2. Nf3 Nc6 3. Bb5 a6 4. Ba4 Nf6 5. O-O Be7 6. Re1 b5 7. Bb3 O-O 8. h3
Bb7 9. c3 d5 10. exd5 Nxd5 11. d4 exd4 12. Nxd4 Nxd4 13. Qxd4 c5 14. Qe4 Re8
15. c4 Bd6 16. Qxe8+ Qxe8 17. Rxe8+ Rxe8 18. Kf1 Nb4 19. Nc3 bxc4 20. Ba4 Rd8
21. Bg5 f6 22. Be3 Nd3 23. Bc2 Bc6 24. Rd1 Nxb2 25. Rb1 Nd3 26. Rb6 Bxg2+ 27.
Kxg2 Ne1+ 28. Kf1 Nxc2 29. Rxa6 Be5 30. Ne4 Nxe3+ 0-1

[Event "Open San Miguel"]
[Site "Trevias ESP"]
[Date "2007.09.18"]
[Round "2.2"]
[White "Llaneza Vega, Marcos"]
[Black "Alvarez Fernandez, Enrique"]
[Result "1-0"]
[WhiteElo "2438"]
[BlackElo "2309"]
[PlyCount "75"]
[EventDate "2007.09.17"]
[EventType "tourn"]
[EventRounds "7"]
[EventCountry "ESP"]
[Source "lmi"]
[SourceDate "2007.09.17"]

1. e4 c5 2. Nf3 d6 3. d4 cxd4 4. Nxd4 Nf6 5. Nc3 a6 6. Be3 e5 7. Nb3 Be6 8. Qd2
Nbd7 9. O-O-O Be7 10. f4 Ng4 11. g3 Nxe3 12. Qxe3 O-O 13. Kb1 Qb6 14. Qf3 exf4
15. gxf4 Bf6 16. f5 Bxb3 17. axb3 Bxc3 18. Qxc3 Ne5 19. Bc4 Nxc4 20. bxc4 Rae8
21. Rhg1 f6 22. Rg4 Rf7 23. Qg3 Qc6 24. Rg1 Ree7 25. Qh4 Rc7 26. Qh5 Kf8 27.
Qxh7 Qxc4 28. Qh8+ Ke7 29. Rc1 Rc8 30. Qh3 Qc6 31. Qg2 Kf8 32. Rg1 Rcc7 33. Rh4
Kg8 34. Rc1 Rc8 35. Qh3 Kf8 36. Qb3 Qc4 37. Rh8+ Ke7 38. Qxb7+ 1-0

[Event "Open San Miguel"]
[Site "Trevias ESP"]
[Date "2007.09.18"]
[Round "2.3"]
[White "Fidalgo Fernandez, Javier"]
[Black "Martinez Rodriguez, Pablo"]
[Result "1/2-1/2"]
[WhiteElo "2208"]
[BlackElo "2304"]
[PlyCount "73"]
[EventDate "2007.09.17"]
[EventType "tourn"]
[EventRounds "7"]
[EventCountry "ESP"]
[Source "lmi"]
[SourceDate "2007.09.17"]

1. d4 d5 2. Nf3 Nf6 3. c4 e6 4. Nc3 Bb4 5. Qa4+ Nc6 6. e3 Bd7 7. Qc2 O-O 8. Bd2
a5 9. Be2 dxc4 10. Bxc4 Bd6 11. a3 e5 12. d5 Ne7 13. e4 Nh5 14. Be2 g6 15. Nb5
f5 16. Ng5 Ng7 17. Rc1 fxe4 18. Nxe4 Ngf5 19. Nxc7 Nd4 20. Qc3 Nxe2 21. Kxe2
Bxc7 22. Qxc7 Bb5+ 23. Ke1 Qxd5 24. f3 Qd3 25. Ng3 Nf5 26. Rc3 Qb1+ 27. Bc1
Rac8 28. Qxc8 Rxc8 29. Rxc8+ Kf7 30. Rc7+ Ke6 31. Ne4 Bc6 32. Kf2 Bxe4 33. fxe4
Qxe4 34. Rc3 Nd4 35. Re1 Qh4+ 36. Kf1 Kd5 37. h3 1/2-1/2

[Event "Open San Miguel"]
[Site "Trevias ESP"]
[Date "2007.09.18"]
[Round "2.4"]
[White "Acebal Muñiz, Antonio"]
[Black "Menendez Rey, Francisco Javier"]
[Result "0-1"]
[WhiteElo "2203"]
[BlackElo "2251"]
[PlyCount "100"]
[EventDate "2007.09.17"]
[EventType "tourn"]
[EventRounds "7"]
[EventCountry "ESP"]
[Source "lmi"]
[SourceDate "2007.09.17"]

1. Nf3 d6 2. d4 g6 3. c4 Bg7 4. Nc3 Nd7 5. e4 e5 6. Be2 c6 7. O-O Nh6 8. dxe5
dxe5 9. Be3 O-O 10. Qd6 f6 11. c5 Nf7 12. Bc4 Kh8 13. Bxf7 Rxf7 14. Rfd1 Qe8
15. b4 Nf8 16. Qd8 Bg4 17. Qxe8 Rxe8 18. Rd6 Bxf3 19. gxf3 f5 20. Rad1 f4 21.
Bc1 Ne6 22. Ne2 Kg8 23. Bb2 g5 24. h3 Nf8 25. Nc1 Ng6 26. Kf1 Bf8 27. Rd8 Rfe7
28. Nb3 b6 29. cxb6 axb6 30. a4 Kf7 31. a5 Rxd8 32. Rxd8 bxa5 33. Nxa5 Rc7 34.
Bc3 Be7 35. Rb8 Bd6 36. Nc4 Ke6 37. Rb6 Ne7 38. b5 Bc5 39. Ra6 Bd4 40. Bxd4
exd4 41. Na5 Rc8 42. Ke2 Ke5 43. Nxc6+ Nxc6 44. Rxc6 Ra8 45. Rc5+ Kf6 46. b6
Ra2+ 47. Kd3 Rb2 48. Rc6+ Ke5 49. Rc5+ Kf6 50. Rc7 Rxb6 0-1

[Event "Open San Miguel"]
[Site "Trevias ESP"]
[Date "2007.09.19"]
[Round "3.1"]
[White "Menendez Rey, Francisco Javier"]
[Black "Bajo Gutierrez, Ignacio"]
[Result "0-1"]
[WhiteElo "2251"]
[BlackElo "2231"]
[PlyCount "88"]
[EventDate "2007.09.17"]
[EventType "tourn"]
[EventRounds "7"]
[EventCountry "ESP"]
[Source "lmi"]
[SourceDate "2007.09.17"]

1. e4 c5 2. d3 Nc6 3. g3 g6 4. Bg2 Bg7 5. f4 d6 6. c3 Nf6 7. Nf3 O-O 8. O-O Qc7
9. Qe2 Rb8 10. e5 dxe5 11. fxe5 Ng4 12. e6 Bxe6 13. Bf4 Nge5 14. Ng5 Bd7 15.
Na3 h6 16. Ne4 g5 17. Bd2 b6 18. Nf2 Bf5 19. Rad1 Qd7 20. Nc4 Rbd8 21. Nxe5
Nxe5 22. d4 cxd4 23. cxd4 Ng4 24. Bc3 Nxf2 25. Qxf2 Bh3 26. Bxh3 Qxh3 27. Qe2
Qd7 28. Qe4 e6 29. Qg4 Qd5 30. a3 Rd7 31. h3 Rfd8 32. Kh2 Qc4 33. Qf3 f5 34.
Qh5 Kh7 35. Rfe1 a5 36. Kh1 Rf8 37. Kh2 f4 38. Qf3 fxg3+ 39. Qxg3 Rf5 40. Rd2
Rdf7 41. Qd3 Qc7+ 42. Kh1 Kg8 43. Rxe6 Rf1+ 44. Kg2 R7f3 0-1

[Event "Open San Miguel"]
[Site "Trevias ESP"]
[Date "2007.09.19"]
[Round "3.2"]
[White "Martinez Rodriguez, Pablo"]
[Black "Acebal Muñiz, Antonio"]
[Result "1/2-1/2"]
[WhiteElo "2304"]
[BlackElo "2203"]
[PlyCount "61"]
[EventDate "2007.09.17"]
[EventType "tourn"]
[EventRounds "7"]
[EventCountry "ESP"]
[Source "lmi"]
[SourceDate "2007.09.17"]

1. d4 d5 2. c4 e6 3. Nc3 Nf6 4. Bg5 Be7 5. e3 O-O 6. Nf3 Nbd7 7. Rc1 c6 8. Qc2
a6 9. cxd5 Nxd5 10. Bf4 N7f6 11. Bg3 Nxc3 12. bxc3 c5 13. Ne5 cxd4 14. exd4 Qd5
15. f3 b5 16. Bd3 Bb7 17. Bh4 Qd6 18. Bxf6 gxf6 19. Ng4 f5 20. Nf2 Qf4 21. Rb1
Rac8 22. Qd2 Bg5 23. Qxf4 Bxf4 24. Nd1 Bd5 25. Rb2 Rc7 26. Ke2 Rfc8 27. g3 Bc1
28. Rb1 Bh6 29. Rb2 Bc1 30. Rb1 Bh6 31. Rb2 1/2-1/2

[Event "Open San Miguel"]
[Site "Trevias ESP"]
[Date "2007.09.19"]
[Round "3.3"]
[White "Alvarez Fernandez, Enrique"]
[Black "Fidalgo Fernandez, Javier"]
[Result "1/2-1/2"]
[WhiteElo "2309"]
[BlackElo "2208"]
[PlyCount "33"]
[EventDate "2007.09.17"]
[EventType "tourn"]
[EventRounds "7"]
[EventCountry "ESP"]
[Source "lmi"]
[SourceDate "2007.09.17"]

1. d4 Nf6 2. Nf3 e6 3. Bf4 c5 4. e3 Nc6 5. c3 d5 6. Nbd2 Bd6 7. Bg3 Bxg3 8.
hxg3 Qe7 9. Be2 e5 10. Nxe5 Nxe5 11. dxe5 Qxe5 12. Qa4+ Bd7 13. Qf4 Qxf4 14.
gxf4 O-O-O 15. Nb3 b6 16. O-O-O h5 17. Bf3 1/2-1/2

[Event "Open San Miguel"]
[Site "Trevias ESP"]
[Date "2007.09.19"]
[Round "3.4"]
[White "Aguera Naredo, Javier"]
[Black "Llaneza Vega, Marcos"]
[Result "1-0"]
[WhiteElo "2393"]
[BlackElo "2438"]
[PlyCount "69"]
[EventDate "2007.09.17"]
[EventType "tourn"]
[EventRounds "7"]
[EventCountry "ESP"]
[Source "lmi"]
[SourceDate "2007.09.17"]

1. e4 c5 2. Nf3 Nc6 3. Bb5 Nf6 4. e5 Nd5 5. O-O g6 6. Re1 Bg7 7. Nc3 Nc7 8.
Bxc6 dxc6 9. Ne4 Bg4 10. Nxc5 Qd5 11. d4 O-O 12. c3 Ne6 13. Ne4 Rad8 14. h3 Bf5
15. Qe2 c5 16. Nxc5 Nxc5 17. dxc5 Bd3 18. Qe3 Bb5 19. Qd4 Qc6 20. Qh4 Rd3 21.
a4 Ba6 22. b4 b5 23. c4 bxc4 24. b5 Qxc5 25. bxa6 c3 26. Ba3 Qd5 27. Qxe7 Rc8
28. Qxa7 c2 29. Qb7 Qd8 30. Be7 Qe8 31. Bg5 Rdc3 32. Qb5 Qf8 33. a7 Bh6 34.
Bxh6 Qxh6 35. Qd5 1-0

[Event "Open San Miguel"]
[Site "Trevias ESP"]
[Date "2007.09.20"]
[Round "4.1"]
[White "Bajo Gutierrez, Ignacio"]
[Black "Llaneza Vega, Marcos"]
[Result "0-1"]
[WhiteElo "2231"]
[BlackElo "2438"]
[PlyCount "52"]
[EventDate "2007.09.17"]
[EventType "tourn"]
[EventRounds "7"]
[EventCountry "ESP"]
[Source "lmi"]
[SourceDate "2007.09.17"]

1. e4 c5 2. Nf3 Nf6 3. Nc3 Nc6 4. d4 cxd4 5. Nxd4 e5 6. Ndb5 d6 7. Bg5 a6 8.
Na3 b5 9. Nd5 Be7 10. Bxf6 Bxf6 11. c3 Ne7 12. Nxe7 Qxe7 13. Nc2 O-O 14. Ne3
Bg5 15. Nd5 Qa7 16. h4 Bd8 17. g4 Be6 18. g5 Rc8 19. Bh3 Bb6 20. Qf3 Rc4 21.
Rd1 Bxd5 22. Rxd5 f5 23. O-O Rxe4 24. Bxf5 Rf4 25. Bxh7+ Kxh7 26. Qh5+ Kg8 0-1

[Event "Open San Miguel"]
[Site "Trevias ESP"]
[Date "2007.09.20"]
[Round "4.2"]
[White "Fidalgo Fernandez, Javier"]
[Black "Aguera Naredo, Javier"]
[Result "1/2-1/2"]
[WhiteElo "2208"]
[BlackElo "2393"]
[PlyCount "31"]
[EventDate "2007.09.17"]
[EventType "tourn"]
[EventRounds "7"]
[EventCountry "ESP"]
[Source "lmi"]
[SourceDate "2007.09.17"]

1. d4 Nf6 2. Nf3 d6 3. c4 g6 4. Nc3 Bg7 5. e4 O-O 6. Be2 c5 7. O-O cxd4 8. Nxd4
Nc6 9. Be3 Nxd4 10. Bxd4 Be6 11. Rc1 Rc8 12. b3 Qa5 13. f4 a6 14. a4 Qb4 15.
Kh1 Qa5 16. Qd3 1/2-1/2

[Event "Open San Miguel"]
[Site "Trevias ESP"]
[Date "2007.09.20"]
[Round "4.4"]
[White "Menendez Rey, Francisco Javier"]
[Black "Martinez Rodriguez, Pablo"]
[Result "1/2-1/2"]
[WhiteElo "2251"]
[BlackElo "2304"]
[PlyCount "108"]
[EventDate "2007.09.17"]
[EventType "tourn"]
[EventRounds "7"]
[EventCountry "ESP"]
[Source "lmi"]
[SourceDate "2007.09.17"]

1. Nf3 Nf6 2. b3 g6 3. Bb2 Bg7 4. d4 O-O 5. Nbd2 c5 6. e3 b6 7. Bd3 Bb7 8. O-O
Nc6 9. a3 cxd4 10. exd4 Rc8 11. Re1 d5 12. Rc1 e6 13. Ne5 Nxe5 14. dxe5 Ne4 15.
Bxe4 dxe4 16. Nc4 Qg5 17. Qe2 Rfd8 18. Rcd1 Rxd1 19. Rxd1 e3 20. f3 Ba6 21.
Qxe3 Qh4 22. Rd4 Qh5 23. Qe4 Bf8 24. Nd6 Rd8 25. b4 Bg7 26. f4 Bf8 27. c4 Be7
28. h3 h6 29. Kh2 Qh4 30. g3 Qh5 31. Bc3 g5 32. g4 Qg6 33. f5 exf5 34. gxf5 Qh5
35. e6 Rxd6 36. f6 Rxe6 37. fxe7 Qe2+ 38. Qxe2 Rxe2+ 39. Kg1 Rxe7 40. c5 Re3
41. Rd8+ Kh7 42. Bd4 Rxa3 43. c6 Rd3 44. c7 Rxh3 45. c8=Q Bxc8 46. Rxc8 Rb3 47.
Bc3 Kg6 48. Kf2 a5 49. bxa5 bxa5 50. Bxa5 f5 51. Bd2 f4 52. Rf8 Rb2 53. Ke1 Ra2
54. Bxf4 gxf4 1/2-1/2

[Event "Open San Miguel"]
[Site "Trevias ESP"]
[Date "2007.09.21"]
[Round "5.1"]
[White "Martinez Rodriguez, Pablo"]
[Black "Bajo Gutierrez, Ignacio"]
[Result "0-1"]
[WhiteElo "2304"]
[BlackElo "2231"]
[PlyCount "126"]
[EventDate "2007.09.17"]
[EventType "tourn"]
[EventRounds "7"]
[EventCountry "ESP"]
[Source "lmi"]
[SourceDate "2007.09.17"]

1. d4 Nf6 2. c4 g6 3. Nc3 Bg7 4. e4 d6 5. Nf3 O-O 6. Be2 e5 7. d5 a5 8. Bg5 h6
9. Bh4 Na6 10. Nd2 Qe8 11. O-O Bd7 12. Kh1 Nh7 13. a3 f5 14. exf5 g5 15. Bg3
Bxf5 16. Nde4 Nf6 17. Nxf6+ Bxf6 18. Bg4 Bg6 19. f3 Nc5 20. Bf2 b6 21. Nb5 Qe7
22. Bxc5 bxc5 23. a4 Bg7 24. Qe2 Kh7 25. Rae1 Rf6 26. g3 Raf8 27. Nc3 Rb8 28.
Nb5 e4 29. Nc3 Rff8 30. Be6 Bxc3 31. bxc3 Qg7 32. f4 Qxc3 33. f5 Be8 34. Qxe4
Qf6 35. Rf2 Bxa4 36. h4 Kg7 37. hxg5 hxg5 38. Ra2 Rh8+ 39. Kg2 Rb4 40. Bd7 Bxd7
41. Qe7+ Qxe7 42. Rxe7+ Kf6 43. Rxd7 Kxf5 44. Rxc7 Rxc4 45. Rd7 Ke5 46. Rg7 g4
47. Rxa5 Kxd5 48. Rg5+ Ke6 49. Rg6+ Ke5 50. Ra2 Rd4 51. Rf2 Ra8 52. Rg5+ Ke6
53. Re2+ Kd7 54. Rb2 Kc6 55. Rg7 Rda4 56. Rf2 Rb8 57. Rd2 Rbb4 58. Rg8 Rd4 59.
Rb2 Rab4 60. Rc2 c4 61. Kf2 Rb3 62. Rc8+ Kd5 63. Kg2 Rbd3 0-1

[Event "Open San Miguel"]
[Site "Trevias ESP"]
[Date "2007.09.21"]
[Round "5.2"]
[White "Alvarez Fernandez, Enrique"]
[Black "Menendez Rey, Francisco Javier"]
[Result "1-0"]
[WhiteElo "2309"]
[BlackElo "2251"]
[PlyCount "72"]
[EventDate "2007.09.17"]
[EventType "tourn"]
[EventRounds "7"]
[EventCountry "ESP"]
[Source "lmi"]
[SourceDate "2007.09.17"]

1. d4 d6 2. Nf3 g6 3. h3 Bg7 4. Bf4 Nf6 5. e3 O-O 6. Be2 b6 7. O-O Bb7 8. Bh2
Nbd7 9. a4 a6 10. c3 Re8 11. Qb3 e5 12. Nbd2 Qe7 13. Qa3 e4 14. Ne1 Nf8 15. Nc2
g5 16. c4 a5 17. b4 axb4 18. Qxb4 Bc8 19. a5 Rxa5 20. Rxa5 bxa5 21. Qxa5 h6 22.
Nb4 g4 23. hxg4 Bxg4 24. Nd5 Nxd5 25. Bxg4 Nf6 26. Be2 Ne6 27. Nb3 Rb8 28. Qa3
Nd7 29. c5 d5 30. Na5 Ra8 31. Nc6 Qe8 32. Qb3 Nb8 33. Nxb8 Rxb8 34. Qxd5 Rb2
35. Bg4 Ng5 36. Bxc7 Qb5 1-0

[Event "Open San Miguel"]
[Site "Trevias ESP"]
[Date "2007.09.21"]
[Round "5.3"]
[White "Aguera Naredo, Javier"]
[Black "Acebal Muñiz, Antonio"]
[Result "1/2-1/2"]
[WhiteElo "2393"]
[BlackElo "2203"]
[PlyCount "82"]
[EventDate "2007.09.17"]
[EventType "tourn"]
[EventRounds "7"]
[EventCountry "ESP"]
[Source "lmi"]
[SourceDate "2007.09.17"]

1. e4 e5 2. Nf3 Nc6 3. Bb5 a6 4. Ba4 Nf6 5. O-O Be7 6. Re1 b5 7. Bb3 d6 8. c3
O-O 9. h3 Na5 10. Bc2 c5 11. d4 Qc7 12. d5 Re8 13. Nbd2 Bf8 14. Nf1 g6 15. b3
Bd7 16. g4 h5 17. N3h2 hxg4 18. hxg4 Qc8 19. f3 Nh7 20. Ng3 Qd8 21. Kg2 Be7 22.
Nhf1 Bg5 23. Ne3 Bf4 24. Rh1 Qg5 25. Qg1 Nf6 26. Rh3 Kg7 27. Kf2 Rh8 28. Rxh8
Rxh8 29. Ngf1 Rh3 30. Ke2 Nh5 31. Qg2 Ng3+ 32. Nxg3 Rxg3 33. Qh1 Qh6 34. Qxh6+
Kxh6 35. Bd2 Rh3 36. Rf1 Rh2+ 37. Rf2 Rxf2+ 38. Kxf2 Nb7 39. b4 cxb4 40. cxb4
Bxe3+ 41. Bxe3+ g5 1/2-1/2

[Event "Open San Miguel"]
[Site "Trevias ESP"]
[Date "2007.09.21"]
[Round "5.4"]
[White "Llaneza Vega, Marcos"]
[Black "Fidalgo Fernandez, Javier"]
[Result "1-0"]
[WhiteElo "2438"]
[BlackElo "2208"]
[PlyCount "101"]
[EventDate "2007.09.17"]
[EventType "tourn"]
[EventRounds "7"]
[EventCountry "ESP"]
[Source "lmi"]
[SourceDate "2007.09.17"]

1. e4 c5 2. Nf3 e6 3. d4 cxd4 4. Nxd4 Nf6 5. Nc3 Nc6 6. Ndb5 Bb4 7. a3 Bxc3+ 8.
Nxc3 d5 9. Bd3 Ne5 10. Be2 Nxe4 11. Nxe4 dxe4 12. Qxd8+ Kxd8 13. Bf4 Nc6 14.
O-O-O+ Ke8 15. Rd6 e5 16. Be3 a6 17. Rhd1 Be6 18. Bc5 h5 19. b4 Rh6 20. Be3 Rh8
21. f3 exf3 22. Bxf3 Bg4 23. Bb6 Rc8 24. Kb2 Be6 25. Bc5 Rh6 26. Be3 Rh8 27.
Bxc6+ bxc6 28. Bg5 Bd5 29. c4 f6 30. cxd5 fxg5 31. Re6+ Kd7 32. Rxe5 g4 33. Rg5
cxd5 34. Rdxd5+ Kc6 35. Rc5+ Kb6 36. Rg6+ Kb7 37. Rxg7+ Kb8 38. Ra5 Rh6 39. g3
Re8 40. Rf5 Re2+ 41. Kb3 Rh8 42. Rf6 Rxh2 43. Rb6+ Ka8 44. Rxa6+ Kb8 45. Rb6+
Ka8 46. Ka4 Rg2 47. Kb5 Rxg3 48. a4 Ra3 49. a5 Rb8 50. Ka6 Rxb6+ 51. Kxb6 1-0

[Event "Open San Miguel"]
[Site "Trevias ESP"]
[Date "2007.09.22"]
[Round "6.1"]
[White "Bajo Gutierrez, Ignacio"]
[Black "Fidalgo Fernandez, Javier"]
[Result "0-1"]
[WhiteElo "2231"]
[BlackElo "2208"]
[PlyCount "172"]
[EventDate "2007.09.17"]
[EventType "tourn"]
[EventRounds "7"]
[EventCountry "ESP"]
[Source "lmi"]
[SourceDate "2007.09.17"]

1. e4 c5 2. Nf3 e6 3. d4 cxd4 4. Nxd4 Nc6 5. Nc3 Nf6 6. Ndb5 Bb4 7. a3 Bxc3+ 8.
Nxc3 d5 9. exd5 exd5 10. Bd3 d4 11. Ne2 Bf5 12. O-O Bxd3 13. Qxd3 O-O 14. Rd1
Rc8 15. b4 Qe7 16. Bg5 Rfd8 17. Ng3 Rd5 18. Re1 Re5 19. Rxe5 Qxe5 20. Bxf6 Qxf6
21. Qf5 Qe6 22. Rd1 a6 23. h3 g6 24. Qc5 Ne5 25. Qxd4 Rxc2 26. Ne4 Nc6 27. Nf6+
Kh8 28. Qh4 Kg7 29. Nxh7 Rc4 30. g4 Qe2 31. Rd5 Rc1+ 32. Kh2 Qf3 33. Qf6+ Qxf6
34. Nxf6 Kxf6 35. Rd7 b5 36. Rb7 Ne7 37. h4 Rc6 38. Rd7 Nc8 39. Rd3 Nd6 40. f4
Ne4 41. Rd5 Rd6 42. Re5 Rd2+ 43. Kg1 Nf2 44. g5+ Kg7 45. f5 Nh3+ 46. Kh1 gxf5
47. Rxf5 Nf2+ 48. Kg2 Ne4+ 49. Kf3 Nd6 50. Rf6 Rd3+ 51. Kg4 Rd4+ 52. Kf3 Rd3+
53. Kg4 Nc4 54. Rxa6 Rxa3 55. Rf6 Rb3 56. h5 Ne3+ 57. Kh4 Ng2+ 58. Kg4 Ne3+ 59.
Kh4 Rxb4+ 60. Kg3 Rb1 61. h6+ Kg8 62. h7+ Kxh7 63. Rxf7+ Kg6 64. Rb7 Nd5 65.
Kf3 b4 66. Ke2 Rg1 67. Kd3 Rxg5 68. Ke4 Kf6 69. Kd4 Ke6 70. Kc4 Kd6 71. Rb8
Rg4+ 72. Kb3 Rg3+ 73. Kc4 Rg4+ 74. Kb3 Kc5 75. Rc8+ Kb5 76. Rb8+ Nb6 77. Kb2
Rg3 78. Kb1 Rg2 79. Rb7 Kc5 80. Rc7+ Kb5 81. Rb7 Kc6 82. Rb8 Nd5 83. Kc1 Kc5
84. Rc8+ Kd4 85. Kb1 Ne3 86. Rc7 Nc4 0-1

[Event "Open San Miguel"]
[Site "Trevias ESP"]
[Date "2007.09.22"]
[Round "6.2"]
[White "Acebal Muñiz, Antonio"]
[Black "Llaneza Vega, Marcos"]
[Result "0-1"]
[WhiteElo "2203"]
[BlackElo "2438"]
[PlyCount "176"]
[EventDate "2007.09.17"]
[EventType "tourn"]
[EventRounds "7"]
[EventCountry "ESP"]
[Source "lmi"]
[SourceDate "2007.09.17"]

1. Nf3 Nf6 2. c4 g6 3. Nc3 Bg7 4. e4 e5 5. Nxe5 Nxe4 6. Nxe4 Bxe5 7. d4 Bg7 8.
Bg5 f6 9. Be3 O-O 10. Nc3 d6 11. Be2 f5 12. Qd2 c6 13. O-O Qf6 14. f4 Re8 15.
Rfe1 Nd7 16. Bf2 Nf8 17. Bf3 Bd7 18. d5 c5 19. Rxe8 Rxe8 20. Re1 Qd8 21. Rxe8
Qxe8 22. Qe1 Kf7 23. Qxe8+ Kxe8 24. Kf1 Bxc3 25. bxc3 Ba4 26. Ke1 Bc2 27. Bd1
Bd3 28. Be2 Be4 29. g3 Nd7 30. Kd2 Nb6 31. Bd3 Bg2 32. Be1 Kf7 33. Ke3 Kf6 34.
Kf2 Bh1 35. Ke3 Na4 36. Bd2 Bg2 37. Bc1 Ke7 38. Kd2 Nb6 39. Ke3 Kf6 40. Kf2 Be4
41. Ke3 Bxd3 42. Kxd3 Kg7 43. h3 Kf6 44. Be3 Ke7 45. Bd2 a6 46. Bc1 Kd7 47. Be3
Na4 48. Bc1 Nb6 49. Bd2 Kc7 50. g4 Kd7 51. Be1 Ke7 52. Bh4+ Kd7 53. Bf6 Na4 54.
Kc2 b5 55. cxb5 axb5 56. gxf5 gxf5 57. Kb3 Nb6 58. Bg5 Kc7 59. Bh6 Nxd5 60. Bg5
Nb6 61. Kc2 Kc6 62. Kd3 Kd5 63. Bd8 Na4 64. Bc7 Nb2+ 65. Kc2 Nc4 66. Kd3 Na3
67. Ba5 Ke6 68. Bd8 Nc4 69. Bh4 Nb6 70. Be1 Kd5 71. Bh4 Ke6 72. Be1 Nd5 73. Bd2
Nf6 74. Be1 Kd5 75. Bh4 Ne4 76. Be1 h5 77. Bh4 c4+ 78. Kc2 Nc5 79. Be7 Ne6 80.
Bg5 Ke4 81. Be7 d5 82. Kb2 Nxf4 83. Ka3 Nd3 84. h4 f4 85. Bg5 f3 86. Be3 f2 87.
Bd4 f1=Q 88. Bh8 Qc1# 0-1